Language Quiz

Random Language Quiz

No... A-Z Quiz Stats

 Plays Quiz not verified by Sporcle

Challenge
Share
Tweet
Embed
Score 0/24 Timer 03:00
0 Plays Today
Hint Answer % Correct
Ark builderNoah
99.5%
The Christmas season; yuletideNoel
96.9%
Active at nightNocturnal
95.8%
Four letter slang for 'No'Nope
95.3%
Dark Knight director Christopher ...Nolan
90.6%
Group of gaseous elementsNoble
88.5%
Tube of pastaNoodle
88%
Spout at the end of a pipeNozzle
83.8%
Finnish communications corporationNokia
82.7%
Chewy or brittle candyNougat
81.7%
Not in or to any placeNowhere
81.2%
Harmful or poisonousNoxious
79.6%
Hint Answer % Correct
Famous for some bad quality or deedNotorious
79.1%
A short prose taleNovella
79.1%
Being such in name onlyNominal
74.9%
Of or relating to ScandinaviaNordic
71.7%
Polygon with nine sidesNonagon
66%
Bram Stoker term for 'Vampire'Nosferatu
62.8%
Quarter of a pintNoggin
57.1%
In no way; not at all (Not standard)Nohow
56%
____ Lewa (My Girl)Noqu
39.3%
Big Ears best friendNoddy
38.7%
Having an extremely offensive smellNoisome
33.5%
'The Highwayman' poet Alfred ...Noyes
25.7%

You're not logged in!

Compare scores with friends on all Sporcle quizzes.
Join for Free
OR
Log In

You Might Also Like...

Show Comments

Extras

Created Aug 29, 2013ReportNominate
Tags:A-Z

Top Quizzes Today


Score Distribution

Your Account Isn't Verified!

In order to create a playlist on Sporcle, you need to verify the email address you used during registration. Go to your Sporcle Settings to finish the process.

Report this User

Report this user for behavior that violates our Community Guidelines.

Details: